अभंग पोर्णिमा (Record no. 47201)

MARC details
000 -LEADER
fixed length control field 00468nam a2200169Ia 4500
008 - FIXED-LENGTH DATA ELEMENTS--GENERAL INFORMATION
fixed length control field 220531s9999 xx 000 0 und d
041 ## - LANGUAGE CODE
Language code of text/sound track or separate title eng
100 ## - MAIN ENTRY--PERSONAL NAME
Personal name मालुंजकर, मच्छिंद्र संपा
9 (RLIN) 85913
245 ## - TITLE STATEMENT
Title अभंग पोर्णिमा
250 ## - EDITION STATEMENT
Edition statement 1 st
260 ## - PUBLICATION, DISTRIBUTION, ETC. (IMPRINT)
Place of publication, distribution, etc. Pune
Name of publisher, distributor, etc. Dastane
Date of publication, distribution, etc. 2011
300 ## - PHYSICAL DESCRIPTION
Extent 424
542 ## - INFORMATION RELATING TO COPYRIGHT STATUS
Copyright holder 13-04-2022
650 ## - SUBJECT ADDED ENTRY--TOPICAL TERM
Topical term or geographic name as entry element General
9 (RLIN) 85914
906 ## - LOCAL DATA ELEMENT F, LDF (RLIN)
d 2022-2023
f 20537
Holdings
Withdrawn status Lost status Source of classification or shelving scheme Damaged status Not for loan Collection code Home library Current library Date acquired Vendor Cost, normal purchase price Total Checkouts Total Holds Full call number Barcode Date last seen Cost, replacement price Bill Date Koha item type Original Barcode
    Dewey Decimal Classification       Shri Siddhivinayak Mahila Mahavidyalaya Shri Siddhivinayak Mahila Mahavidyalaya 13/04/2022 Tribhuwansir 400.00   1 /29287/29287/29287 SSMM-BK-29287 06/08/2022 400.00 06/08/2022 Books 010029287